000 00308nam a22001337a 4500
008 170602b xxu||||| |||| 00| 0 eng d
020 _a9780132132862
041 _aeng
080 _23RD
_a94
100 _a17
101 _aSHH
245 _aTHE WEST ENCOUNTERS& TRANSFORMATIONS
_cLEVACK,B
942 _2udc
_cBK
999 _c15562
_d15562